Score 0/33 Timer 04:00
2 Plays Today
HINT WORD % Correct
RemedyCURE
88.5%
Crust, mantle, ____CORE
88.3%
Sugary plantCANE
87.9%
Sweat ductPORE
87.5%
ConcernCARE
86.7%
'____ me up, Scotty!'BEAM
85.7%
♛ ____ AS THE DRIVEN SNOW ♛♛ PURE ♛
84.6%
Unwelcome refrigerator growthMOLD
83.7%
Guinness portionPINT
82.4%
Children Of The ____CORN
82.2%
Shed feathersMOLT
81.9%
More than halfMOST
79.8%
Not optionalMUST
79.3%
♛ I, ME, ____♛ MINE ♛
79.1%
Coin striking placeMINT
78.1%
Mufasa or Mr. Ed's pride?MANE
77.7%
'California or ____'BUST
75.9%
HINT WORD % Correct
Prefix for fivePENT
71.7%
Pinnacle of qualityBEST
68.7%
English, Mersey or Tiger ____BEAT
65.8%
Corrosion on ironRUST
61.6%
CharSEAR
60.8%
Boggy mossPEAT
60.5%
Bosc or Anjou, e.g.PEAR
60%
♛ ALPHA CENTAURI, E.G. ♛♛ STAR ♛
59.5%
George, Reggie, or Kate, e.g.BUSH
42.8%
Anthracite stratumSEAM
38.8%
Kind of party or filmSTAG
37.4%
♛ LEE, LIFESON & PEART ♛♛ RUSH ♛
33.9%
♛ COMMON BOND ♛♛ GOLD ♛
31.4%
FarceSHAM
29.8%
Hair or tobacco cutSHAG
29.4%
♛ ____ OF THE REALM ♛♛ COIN ♛
21%

Today's Daily Dose

Remove Ads.
Support Sporcle.
Get the best of Sporcle when you Go Orange. This ad-free experience offers more features, more stats, and more fun while also helping to support Sporcle. Thank you for becoming a member.

You're not logged in!

Compare scores with friends on all Sporcle quizzes.
OR
Log In

Show Comments

Extras

Top Quizzes Today


Score Distribution

Your Account Isn't Verified!

In order to create a playlist on Sporcle, you need to verify the email address you used during registration. Go to your Sporcle Settings to finish the process.

Report this User

Report this user for behavior that violates our Community Guidelines.

Details: